<?xml version="1.0" encoding="UTF-8"?><?xml-stylesheet type="text/xsl" href="static/style.xsl"?><OAI-PMH xmlns="http://www.openarchives.org/OAI/2.0/" xmlns:xsi="http://www.w3.org/2001/XMLSchema-instance" xsi:schemaLocation="http://www.openarchives.org/OAI/2.0/ http://www.openarchives.org/OAI/2.0/OAI-PMH.xsd"><responseDate>2026-04-13T01:54:00Z</responseDate><request verb="GetRecord" identifier="oai:www.recercat.cat:10256/27971" metadataPrefix="marc">https://recercat.cat/oai/request</request><GetRecord><record><header><identifier>oai:recercat.cat:10256/27971</identifier><datestamp>2025-12-19T20:35:43Z</datestamp><setSpec>com_2072_452992</setSpec><setSpec>com_2072_2054</setSpec><setSpec>col_2072_453141</setSpec></header><metadata><record xmlns="http://www.loc.gov/MARC21/slim" xmlns:dcterms="http://purl.org/dc/terms/" xmlns:xsi="http://www.w3.org/2001/XMLSchema-instance" xmlns:doc="http://www.lyncode.com/xoai" xsi:schemaLocation="http://www.loc.gov/MARC21/slim http://www.loc.gov/standards/marcxml/schema/MARC21slim.xsd">
   <leader>00925njm 22002777a 4500</leader>
   <datafield ind2=" " ind1=" " tag="042">
      <subfield code="a">dc</subfield>
   </datafield>
   <datafield ind2=" " ind1=" " tag="720">
      <subfield code="a">Solé Feliu, Josep</subfield>
      <subfield code="e">author</subfield>
   </datafield>
   <datafield ind2=" " ind1=" " tag="260">
      <subfield code="c">2022-03-14</subfield>
   </datafield>
   <datafield ind2=" " ind1=" " tag="520">
      <subfield code="a">Difusió pública amb autorització de l'edititorial Atelier</subfield>
   </datafield>
   <datafield ind2=" " ind1=" " tag="520">
      <subfield code="a">Sumario: 1. La responsabilidad civil de los Estados por violación de los derechos y libertades previstos en el Convenio Europeo de Derechos Humanos. 2. Derecho a la salud en la jurisprudencia del Tribunal Europeo de Derechos Humanos. 2.1. El derecho a la salud y su débil reconocimiento en los textos internacionales. 2.2. El derecho a la salud y su tutela a través de los derechos humanos protegidos por el CEDH. 3. Negligencias médicas y lesión del derecho a la vida (Art. 2 CEDH). 3.1. Derecho a la vida y sistema judicial interno efectivoe independiente (aspecto procesal). 3.2. Derecho a la vida y obligación de velar por la adopción de las medidas adecuadas dirigidas a garantizar la vida de los pacientes (aspecto sustantivo). 4. Derecho a la vida privada y familiar del Art. 8 CEDH, protección de la integridad física y psíquica, y derecho a la información sanitaria. 5. Conclusiones</subfield>
   </datafield>
   <datafield ind2=" " ind1=" " tag="520">
      <subfield code="a">16</subfield>
   </datafield>
   <datafield ind1="8" ind2=" " tag="024">
      <subfield code="a">http://hdl.handle.net/10256/27971</subfield>
   </datafield>
   <datafield tag="653" ind2=" " ind1=" ">
      <subfield code="a">Dret a la salut</subfield>
   </datafield>
   <datafield tag="653" ind2=" " ind1=" ">
      <subfield code="a">Right to health</subfield>
   </datafield>
   <datafield tag="653" ind2=" " ind1=" ">
      <subfield code="a">Drets humans</subfield>
   </datafield>
   <datafield tag="653" ind2=" " ind1=" ">
      <subfield code="a">Drets humans</subfield>
   </datafield>
   <datafield tag="653" ind2=" " ind1=" ">
      <subfield code="a">Dret a la vida</subfield>
   </datafield>
   <datafield tag="653" ind2=" " ind1=" ">
      <subfield code="a">Right to life</subfield>
   </datafield>
   <datafield ind2="0" ind1="0" tag="245">
      <subfield code="a">Derecho a la salud, responsabilidad civil médico-sanitaria y jurisprudencia del Tribunal Europeo de Derechos Humanos</subfield>
   </datafield>
</record></metadata></record></GetRecord></OAI-PMH>